Central Library OPAC University of Rajshahi

The moral Trollope / (Record no. 21536)

MARC details
000 -LEADER
fixed length control field 00836cam a2200289 4500
001 - CONTROL NUMBER
control field 21536
003 - CONTROL NUMBER IDENTIFIER
rucl marc code BD-RjUL
005 - DATE AND TIME OF LATEST TRANSACTION
control field 20211209000710.0
008 - FIXED-LENGTH DATA ELEMENTS--GENERAL INFORMATION
fixed length control field 140304s1971 ohu b 001 0 eng d
020 ## - INTERNATIONAL STANDARD BOOK NUMBER
International Standard Book Number 821400894
035 ## - SYSTEM CONTROL NUMBER
System control number (BD-RjUL)21600
040 ## - CATALOGING SOURCE
Original cataloging agency DLC
Transcribing agency DLC
Modifying agency BD-RjUL
Language of cataloging eng
041 ## - LANGUAGE CODE
Language code of text/sound track or separate title eng
082 00 - DEWEY DECIMAL CLASSIFICATION NUMBER
Classification number 823.8
Author mark and year APM 1971
100 1# - MAIN ENTRY--PERSONAL NAME
Personal name ApRoberts, Ruth.
9 (RLIN) 66514
245 14 - TITLE STATEMENT
Title The moral Trollope /
260 ## - PUBLICATION, DISTRIBUTION, ETC. (IMPRINT)
Place of publication, distribution, etc. Athens :
Name of publisher, distributor, etc. Ohio University Press,
Date of publication, distribution, etc. c1971.
300 ## - PHYSICAL DESCRIPTION
Pagination 203 p. ;
Size 23 cm.
350 ## - PRICE (NR) (BK AM CF MU VM SE) [OBSOLETE]
Price $8.50
504 ## - BIBLIOGRAPHY, ETC. NOTE
Bibliography, etc Includes bibliographical references and index.
600 10 - SUBJECT ADDED ENTRY--PERSONAL NAME
Personal name Trollope, Anthony,
Dates associated with a name 1815-1882
General subdivision Ethics.
650 #0 - SUBJECT ADDED ENTRY--TOPICAL TERM
Topical term or geographic name as entry element Didactic fiction, English
General subdivision History and criticism.
9 (RLIN) 55395
Topical term or geographic name as entry element Ethics in literature.
9 (RLIN) 55456
942 ## - ADDED ENTRY ELEMENTS (KOHA)
Source of classification or shelving scheme Dewey Decimal Classification
Koha item type Books
Holdings
Lost status Source of classification or shelving scheme Damaged status Not for loan Collection code Permanent Location Current Location Shelving location Date acquired Source of acquisition Cost, normal purchase price Total Checkouts Full call number Date last seen Copy number Koha item type
  Dewey Decimal Classification   Added to bundle Fiction Central Library, University of Rajshahi Central Library, University of Rajshahi Reading Room 06/02/1980 Scholars Bookshelf U.S.A 2.95   823.8 APM 1971 04/03/2014 C-1 Books